[Event "Zheleznogorsk-ch"]
[Site "Zheleznogorsk"]
[Date "2017.02.15"]
[Round "5"]
[White "Fufachev, Boris"]
[Black "Skladchikov, Yuri"]
[Result "0-1"]
[WhiteElo "1846"]
[BlackElo "1858"]
[PlyCount "88"]
[EventDate "2017.02.06"]
[EventType "swiss"]
[EventRounds "9"]
[EventCountry "RUS"]
[SourceTitle "CBM 177 Extra"]
[Source "ChessBase"]
[SourceDate "2017.04.27"]
[SourceVersion "1"]
[SourceVersionDate "2017.04.27"]
[SourceQuality "1"]

1. c4 c5 2. Nc3 e6 3. e4 Nc6 4. Nf3 d6 5. d4 cxd4 6. Nxd4 Qb6 7. Nb3 Nf6 8. Be3 Qd8 9. g3 Be7 10. Bg2 0-0 11. 0-0 Ne5 12. Qe2 Bd7 13. Rac1 Bc6 14. Rfd1 a6 15. a4 b6 16. c5 bxc5 17. Nxc5 Qa5 18. Nb3 Qb4 19. Qc2 Rab8 20. Nd4 Qxb2 21. Qxb2 Rxb2 22. Nxc6 Nxc6 23. Rd2 Rxd2 24. Bxd2 Nd4 25. Rb1 Bd8 26. Be3 e5 27. h3 Nd7 28. Nd5 Nc5 29. Nb6 h6 30. a5 Bc7 31. Nc4 Rb8 32. Rxb8+ Bxb8 33. Bd2 Bc7 34. f3 Kf8 35. Kf2 Ke7 36. Nb6 Bxb6 37. axb6 Kd7 38. Ba5 Ndb3 39. Be1 Kc6 40. Bf1 Kxb6 41. Bc4 f6 42. Bd5 a5 43. Bc3 a4 44. Bb4 Nd3+ 0-1